| 000 | 00347nam a22001337a 4500 | ||
|---|---|---|---|
| 082 |
_a940.53 _bMCI |
||
| 100 |
_aMcinnis, Edgar _949651 |
||
| 245 | _aThe war first year/ | ||
| 260 |
_aLondon: _bOxford university press, _c1940 |
||
| 300 |
_axv, 312 p,; _c18cm |
||
| 526 |
_a0 _b0 _c0 _d940_530000000000000_MCI |
||
| 650 |
_aMCE _9379 |
||
| 942 |
_2ddc _cBK |
||
| 999 |
_c552443 _d552443 |
||